Principles of Economics
Salvato in:
| Autore principale: | |
|---|---|
| Altri autori: | |
| Natura: | Libro |
| Pubblicazione: |
New York
Harper Collins College Publishers
1993
|
| Edizione: | 5th Edition |
| Soggetti: | |
| Tags: |
Nessun Tag, puoi essere il primo ad aggiungerne!!
|
MARC
| LEADER | 00000nam a2200000 4500 | ||
|---|---|---|---|
| 001 | 0262847 | ||
| 005 | 20240111124745.1 | ||
| 020 | |a 0-673-46590-X | ||
| 020 | |a 0-673-46592-6 | ||
| 044 | |a US | ||
| 245 | 1 | 0 | |a Principles of Economics |c Roy J. Ruffin, Paul R. Gregory |
| 250 | |a 5th Edition | ||
| 264 | 1 | |a New York |b Harper Collins College Publishers |c 1993 | |
| 300 | |a 300 s. | ||
| 610 | 2 | 0 | |a ekonómia |
| 610 | 2 | 0 | |a veda ekonomická |
| 610 | 2 | 0 | |a makroekonomika |
| 610 | 2 | 0 | |a hospodárstvo svetové |
| 610 | 2 | 0 | |a trh |
| 610 | 2 | 0 | |a produkty |
| 610 | 2 | 0 | |a trh práce |
| 610 | 2 | 0 | |a mikroekonomika |
| 100 | 1 | |a Ruffin, Roy J. | |
| 700 | 1 | |a Gregory, Paul R. | |